000 05510nam a22006735i 4500
001 978-3-319-44785-8
003 DE-He213
005 20210118145227.0
007 cr nn 008mamaa
008 160926s2017 gw | s |||| 0|eng d
020 _a9783319447858
_9978-3-319-44785-8
024 7 _a10.1007/978-3-319-44785-8
_2doi
050 4 _aR856-857
050 4 _aHC79.E5
050 4 _aGE220
072 7 _aMQW
_2bicssc
072 7 _aTEC059000
_2bisacsh
072 7 _aMQW
_2thema
082 0 4 _a610.28
_223
245 1 0 _aRegenerative Strategies for the Treatment of Knee Joint Disabilities
_h[electronic resource] /
_cedited by Joaquim Miguel Oliveira, Rui Luís Reis.
250 _a1st ed. 2017.
264 1 _aCham :
_bSpringer International Publishing :
_bImprint: Springer,
_c2017.
300 _aIX, 411 p. 91 illus., 69 illus. in color.
_bonline resource.
336 _atext
_btxt
_2rdacontent
337 _acomputer
_bc
_2rdamedia
338 _aonline resource
_bcr
_2rdacarrier
347 _atext file
_bPDF
_2rda
490 1 _aStudies in Mechanobiology, Tissue Engineering and Biomaterials,
_x1868-2006 ;
_v21
505 0 _aSection I: Articular Cartilage Lesions: Clinical Management and Regenerative Strategies -- Chapter 1: Knee Articular Cartilage -- Chapter 2: Clinical Management of Articular Cartilage Lesions -- Chapter 3: Synovial Knee Joint : Viscosupplementation -- Chapter 4: Ostearthritis Management -- Chapter 5: Advances in Biomaterials for the Repair of Articular Cartilage Defects -- Chapter 6: Cartilage Tissue Engineering and Regenerative Strategies -- Section II: Osteochondral Lesions of the Knee: From Repair towards Regeneration -- Chapter 7: Fundamentals on Osteochondral Tissue Engineering -- Chapter 8: Pre-clinical and Clinical Management of Osteochondral Lesions -- Chapter 9: Rapid Prototyping in Osteochondral Tissue Engineering -- Chapter 10: Biomimetic Approaches for the Engineering of Osteochondral Tissues -- Chapter 11: Osteochondral Tissue Engineering and Regenerative Strategies -- Section III: Meniscus Injuries: Replacement, Repair and Regeneration -- Chapter 12: Basics on Meniscus -- Chapter 13: Biomaterials for Meniscus Repair -- Chapter 14: Advanced Regenerative Strategies -- Section IV: Knee Ligament Injuries -- Chapter 15: Fundamentals on Knee Ligaments and Injuries -- Chapter 16: Clinical Management of Ligament Injuries and Postoperative Rehabilitation -- Chapter 17: Biomaterials as Tendon Substitutes: Current Developments -- Chapter 18: Ligament Tissue Engineering -- Chapter 19: Ligament lesions: Regenerative Strategies and Future Trends.
520 _aThis book presents regenerative strategies for the treatment of knee joint disabilities. The book is composed of four main sections totaling 19 chapters which review the current knowledge on the clinical management and preclinical regenerative strategies. It examines the role of different natural-based biomaterials as scaffolds and implants for addressing different tissue lesions in the knee joint. Section one provides an updated and comprehensive discussion on articular cartilage tissue regeneration. Section two focuses on the important contributions for bone and osteochondral tissue engineering. Section three overview the recent advances on meniscus repair/regeneration strategies. Finally, section four further discusses the current strategies for treatment of ligament lesions. Each chapter is prepared by world know expert on their fields, so we do firmly believe that the proposed book will be a reference in the area of biomaterials for regenerative medicine.
650 0 _aBiomedical engineering.
650 0 _aBiomaterials.
650 0 _aRegenerative medicine.
650 0 _aTissue engineering.
650 0 _aMechanics.
650 0 _aMechanics, Applied.
650 1 4 _aBiomedical Engineering and Bioengineering.
_0http://scigraph.springernature.com/things/product-market-codes/T2700X
650 2 4 _aBiomaterials.
_0http://scigraph.springernature.com/things/product-market-codes/Z13000
650 2 4 _aRegenerative Medicine/Tissue Engineering.
_0http://scigraph.springernature.com/things/product-market-codes/L16080
650 2 4 _aSolid Mechanics.
_0http://scigraph.springernature.com/things/product-market-codes/T15010
700 1 _aOliveira, Joaquim Miguel.
_eeditor.
_4edt
_4http://id.loc.gov/vocabulary/relators/edt
700 1 _aReis, Rui Luís.
_eeditor.
_4edt
_4http://id.loc.gov/vocabulary/relators/edt
710 2 _aSpringerLink (Online service)
773 0 _tSpringer eBooks
776 0 8 _iPrinted edition:
_z9783319447834
776 0 8 _iPrinted edition:
_z9783319447841
776 0 8 _iPrinted edition:
_z9783319831350
830 0 _aStudies in Mechanobiology, Tissue Engineering and Biomaterials,
_x1868-2006 ;
_v21
856 4 0 _uhttps://doi.org/10.1007/978-3-319-44785-8
912 _aZDB-2-ENG
999 _c451847
_d451847
942 _cEB
506 _aAvailable to subscribing member institutions only. Доступно лише організаціям членам підписки.
506 _fOnline access from local network of NaUOA.
506 _fOnline access with authorization at https://link.springer.com/
506 _fОнлайн-доступ з локальної мережі НаУОА.
506 _fОнлайн доступ з авторизацією на https://link.springer.com/